| 000 | 00783nam a2200253Ia 4500 | ||
|---|---|---|---|
| 003 | OSt | ||
| 005 | 20220918173111.0 | ||
| 006 | a|||||r|||| 00| 0 | ||
| 007 | ta | ||
| 008 | 220917b |||||||| |||| 00| 0 eng d | ||
| 024 | _a4,989 | ||
| 037 | _cTextual | ||
| 040 |
_aARTS _cARTS _beng |
||
| 041 |
_2eng _aeng |
||
| 082 | _a20bM1495, L01.1 | ||
| 110 |
_aNational Reprographic Centre For Documentation _944881 |
||
| 245 | 0 | _aGeneral information and test procedures | |
| 260 |
_aHatfield _bNRCD _c1970 |
||
| 500 | _aContents : Section 1 : Microform readers (Amendment no. 1) (15p) | ||
| 650 | _aLIBRARY SCIENCE | ||
| 700 |
_aNational Reprographic Centre For Documentation _944882 |
||
| 942 |
_h20bM1495, L01.1 _cTEXL _2CC |
||
| 999 |
_c147175 _d147175 |
||